The Five senses / (Record no. 104710)
[ view plain ]
| 000 -LEADER | |
|---|---|
| fixed length control field | 00467nam a2200169 a 4500 |
| 005 - DATE AND TIME OF LATEST TRANSACTION | |
| control field | 20140412111327.0 |
| 008 - FIXED-LENGTH DATA ELEMENTS--GENERAL INFORMATION | |
| fixed length control field | 110128s19uu xx 00 eng d |
| 020 ## - INTERNATIONAL STANDARD BOOK NUMBER | |
| International Standard Book Number | 0-8120-3567-4 |
| 050 ## - LIBRARY OF CONGRESS CALL NUMBER | |
| Classification number | TR(GS 612.88 |
| Item number | To55 1985 |
| 100 ## - MAIN ENTRY--PERSONAL NAME | |
| Personal name | Rius, Maria |
| 245 ## - TITLE STATEMENT | |
| Title | The Five senses / |
| Statement of responsibility, etc | Maria Rius. |
| 260 ## - PUBLICATION, DISTRIBUTION, ETC. (IMPRINT) | |
| Place of publication, distribution, etc | New York : |
| Name of publisher, distributor, etc | Barron's. |
| 300 ## - PHYSICAL DESCRIPTION | |
| Extent | unp. |
| 520 ## - SUMMARY, ETC. | |
| Summary, etc | A short scientific explanation of our sense of touch. |
| 650 ## - SUBJECT ADDED ENTRY--TOPICAL TERM | |
| Topical term or geographic name as entry element | Touch -- senses |
| Withdrawn status | Lost status | Damaged status | Home library | Current library | Shelving location | Date acquired | Source of acquisition | Total Checkouts | Full call number | Barcode | Date last seen | Price effective from | Koha item type |
|---|---|---|---|---|---|---|---|---|---|---|---|---|---|
| Elizalde Library | Elizalde Library | Teachers Reference Section | 01/28/2011 | TR(GS 612.88 To55 1985 | E8510 | 04/12/2014 | 04/12/2014 | Books |